[Event "Fagernes International 2022"]
[Site "Fagernes"]
[Date "2022.04.12"]
[Round "3.20"]
[White "Hina, Ariza"]
[Black "Paulien, Pascal"]
[Result "1/2-1/2"]
[WhiteElo "1547"]
[BlackElo "1815"]
[Annotator "NA RC"]
[PlyCount "92"]
[EventDate "2022.04.10"]
[EventCountry "NOR"]
[SourceTitle "playchess.com"]
[Source "ChessBase"]
[SourceQuality "1"]

1. e4 {[%emt 0:03:32]} d5 {[%emt 0:00:15]} 2. exd5 {[%emt 0:00:07]} Qxd5 {[%emt 0:00:07]} 3. Nc3 {[%emt 0:00:03]} Qa5 {[%emt 0:00:09]} 4. Bc4 {[%emt 0:00:28]} c6 {[%emt 0:00:24]} 5. d4 {[%emt 0:03:43]} Bf5 {[%emt 0:00:44]} 6. Bf4 {[%emt 0:02:15]} e6 {[%emt 0:03:24]} 7. Nge2 {[%emt 0:04:12]} Nf6 {[%emt 0:00:58]} 8. Bd3 {[%emt 0:05:34]} Bxd3 {[%emt 0:06:02]} 9. Qxd3 {[%emt 0:00:11]} Nbd7 {[%emt 0:00:11]} 10. O-O {[%emt 0:08:09]} Nh5 {[%emt 0:02:59]} 11. Bd2 {[%emt 0:00:31]} Qc7 {[%emt 0:02:04]} 12. Ne4 {[%emt 0:07:42]} Ndf6 {[%emt 0:09:22]} 13. N2c3 {[%emt 0:06:55]} Nxe4 {[%emt 0:02:23]} 14. Nxe4 {[%emt 0:00:10]} Nf4 {[%emt 0:00:34]} 15. Qf3 {[%emt 0:09:49]} Ng6 {[%emt 0:01:37]} 16. Rfe1 {[%emt 0:12:51]} Be7 {[%emt 0:00:58]} 17. Bg5 {[%emt 0:02:03]} Bxg5 {[%emt 0:04:17]} 18. Nxg5 {[%emt 0:00:08]} O-O {[%emt 0:00:31]} 19. Qh5 {[%emt 0:05:43]} h6 {[%emt 0:04:15]} 20. Nxe6 {[%emt 0:00:14]} fxe6 {[%emt 0:00:30]} 21. Qxg6 {[%emt 0:00:14]} Rf6 {[%emt 0:00:16]} 22. Qd3 {[%emt 0:01:50]} Rd8 {[%emt 0:01:10]} 23. c3 {[%emt 0:00:22]} c5 {[%emt 0:00:37]} 24. Rad1 {[%emt 0:13:02]} cxd4 {[%emt 0:00:57]} 25. cxd4 {[%emt 0:00:12]} Qb6 {[%emt 0:00:56]} 26. b3 {[%emt 0:01:49]} Rf5 {[%emt 0:03:44]} 27. Qc4 {[%emt 0:02:27]} Rfd5 {[%emt 0:01:05]} 28. Re4 {[%emt 0:00:59]} Kh8 {[%emt 0:03:44]} 29. Rde1 {[%emt 0:03:22]} Rxd4 {[%emt 0:16:36]} 30. Qxe6 {[%emt 0:00:44]} Rxe4 {[%emt 0:04:39]} 31. Qxe4 {[%emt 0:00:14]} Rd2 {[%emt 0:01:00]} 32. Qf5 {[%emt 0:07:27]} Qd8 {[%emt 0:01:07]} 33. a4 {[%emt 0:01:28]} Rd6 {[%emt 0:07:21]} 34. g3 {[%emt 0:02:02]} Rf6 {[%emt 0:02:08]} 35. Qe4 {[%emt 0:00:29]} Qb6 {[%emt 0:01:17]} 36. Qe3 {[%emt 0:00:12]} Qa5 {[%emt 0:05:34]} 37. Rc1 {[%emt 0:01:07]} b6 {[%emt 0:05:40]} 38. Rc8+ {[%emt 0:03:11]} Kh7 {[%emt 0:00:14]} 39. Qe4+ {[%emt 0:00:19]} Qf5 {[%emt 0:01:22]} 40. Qxf5+ {[%emt 0:01:22]} Rxf5 {[%emt 0:00:06]} 41. Rc7 {[%emt 0:01:01]} Rf3 {[%emt 0:03:44]} 42. b4 {[%emt 0:02:43]} a6 {[%emt 0:01:41]} 43. Rc6 {[%emt 0:01:00]} Ra3 {[%emt 0:00:13]} 44. Rxb6 {[%emt 0:00:13]} Rxa4 {[%emt 0:00:12]} 45. Kg2 {[%emt 0:00:09]} a5 {[%emt 0:00:37]} 46. bxa5 {[%emt 0:00:33]} Rxa5 {[%emt 0:00:08]} 1/2-1/2

[Event "Fagernes International 2022"]
[Site "Fagernes"]
[Date "2022.04.12"]
[Round "3.21"]
[White "Stromsodd, Jonas W"]
[Black "Smedsrud, Morten S"]
[Result "1-0"]
[WhiteElo "1588"]
[BlackElo "1475"]
[Annotator "NA RC"]
[PlyCount "59"]
[EventDate "2022.04.10"]
[EventCountry "NOR"]
[SourceTitle "playchess.com"]
[Source "ChessBase"]
[SourceQuality "1"]

1. d4 {[%emt 0:00:12]} d5 {[%emt 0:00:07]} 2. Nc3 {[%emt 0:00:06]} Nf6 {[%emt 0:00:15]} 3. Bf4 {[%emt 0:00:09]} g6 {[%emt 0:00:25]} 4. Nb5 {[%emt 0:02:07]} Na6 {[%emt 0:04:07]} 5. e3 {[%emt 0:02:11]} c6 {[%emt 0:02:50]} 6. Nc3 {[%emt 0:00:26]} Nc7 {[%emt 0:00:13]} 7. Be2 {[%emt 0:00:50]} Bg7 {[%emt 0:00:18]} 8. Be5 {[%emt 0:01:14]} O-O {[%emt 0:05:07]} 9. g4 {[%emt 0:05:38]} Re8 {[%emt 0:07:39]} 10. h4 {[%emt 0:01:59]} Nd7 {[%emt 0:09:17]} 11. Bxg7 {[%emt 0:00:11]} Kxg7 {[%emt 0:00:53]} 12. f4 {[%emt 0:00:24]} c5 {[%emt 0:11:52]} 13. h5 {[%emt 0:02:44]} cxd4 {[%emt 0:03:44]} 14. exd4 {[%emt 0:01:45]} f6 {[%emt 0:12:30]} 15. Qd3 {[%emt 0:03:58]} e5 {[%emt 0:06:26]} 16. Qh3 {[%emt 0:01:37]} Rh8 {[%emt 0:03:16]} 17. h6+ {[%emt 0:08:00]} Kf7 {[%emt 0:06:05]} 18. dxe5 {[%emt 0:03:05]} fxe5 {[%emt 0:05:02]} 19. O-O-O {[%emt 0:00:45]} Nf6 {[%emt 0:02:55]} 20. fxe5 {[%emt 0:00:22]} Nxg4 {[%emt 0:08:49]} 21. Qf3+ {[%emt 0:06:37]} Ke8 {[%emt 0:01:57]} 22. Nxd5 {[%emt 0:01:26]} Qg5+ {[%emt 0:02:21]} 23. Kb1 {[%emt 0:00:55]} Nxd5 {[%emt 0:01:04]} 24. Bb5+ {[%emt 0:01:56]} Ke7 {[%emt 0:02:56]} 25. Qa3+ {[%emt 0:00:42]} Kf7 {[%emt 0:05:12]} 26. Nf3 {[%emt 0:13:42]} Qe7 {[%emt 0:05:14]} 27. Rhf1 {[%emt 0:00:56]} Qxa3 {[%emt 0:01:29]} 28. Ng5+ {[%emt 0:00:45]} Ke7 {[%emt 0:01:24]} 29. Rf7+ {[%emt 0:00:18]} Kd8 {[%emt 0:00:40]} 30. Rxd5+ {[%emt 0:00:08]} 1-0

[Event "Fagernes International 2022"]
[Site "Fagernes"]
[Date "2022.04.12"]
[Round "4.1"]
[White "Ostensen, Nicolai Maxime"]
[Black "Gasland, Lukas Dominik"]
[Result "1-0"]
[WhiteElo "1728"]
[BlackElo "1478"]
[Annotator "NA RC"]
[PlyCount "47"]
[EventDate "2022.04.10"]
[EventCountry "NOR"]
[SourceTitle "playchess.com"]
[Source "ChessBase"]
[SourceQuality "1"]

1. c4 {[%emt 0:00:15]} Nf6 {[%emt 0:00:12]} 2. Nc3 {[%emt 0:00:07]} e6 {[%emt 0:00:15]} 3. Nf3 {[%emt 0:00:07]} d5 {[%emt 0:00:10]} 4. e3 {[%emt 0:00:08]} Be7 {[%emt 0:00:40]} 5. b3 {[%emt 0:00:35]} O-O {[%emt 0:00:18]} 6. Bb2 {[%emt 0:01:27]} c5 {[%emt 0:00:52]} 7. cxd5 {[%emt 0:02:23]} exd5 {[%emt 0:01:18]} 8. d4 {[%emt 0:01:09]} Bg4 {[%emt 0:04:19]} 9. Be2 {[%emt 0:00:15]} Nc6 {[%emt 0:00:38]} 10. dxc5 {[%emt 0:03:24]} Bxc5 {[%emt 0:00:37]} 11. O-O {[%emt 0:00:05]} Qd7 {[%emt 0:02:46]} 12. Rc1 {[%emt 0:02:26]} Bb6 {[%emt 0:06:26]} 13. Na4 {[%emt 0:03:37]} Bc7 {[%emt 0:08:41]} 14. Nc5 {[%emt 0:00:30]} Qf5 {[%emt 0:12:20]} 15. Bxf6 {[%emt 0:02:48]} Qxf6 {[%emt 0:01:58]} 16. Qxd5 {[%emt 0:05:22]} Qh6 {[%emt 0:08:15]} 17. h3 {[%emt 0:01:46]} Rad8 {[%emt 0:02:23]} 18. Qe4 {[%emt 0:01:27]} Ne5 {[%emt 0:01:16]} 19. Nxe5 {[%emt 0:03:38]} Bxe2 {[%emt 0:00:28]} 20. Rfe1 {[%emt 0:00:15]} Rd2 {[%emt 0:04:30]} 21. Ncd7 {[%emt 0:08:09]} Rc8 {[%emt 0:14:25]} 22. Qb4 {[%emt 0:03:39]} Rxa2 {[%emt 0:01:28]} 23. Rxc7 {[%emt 0:00:30]} Rxc7 {[%emt 0:00:44]} 24. Qf8# {[%emt 0:00:18]} 1-0

[Event "Fagernes International 2022"]
[Site "Fagernes"]
[Date "2022.04.12"]
[Round "4.2"]
[White "Galinsky, Misha"]
[Black "Lund, Terje"]
[Result "0-1"]
[WhiteElo "1744"]
[BlackElo "2020"]
[Annotator "RC"]
[PlyCount "80"]
[EventDate "2022.04.10"]
[EventCountry "NOR"]
[SourceTitle "playchess.com"]
[Source "ChessBase"]
[SourceQuality "1"]

1. d4 {[%emt 0:00:06]} Nf6 {[%emt 0:00:18]} 2. g3 {[%emt 0:00:08]} c5 {[%emt 0:03:55]} 3. d5 {[%emt 0:01:34]} b5 {[%emt 0:01:29]} 4. a4 {[%emt 0:07:18]} Bb7 {[%emt 0:06:00]} 5. Bg2 {[%emt 0:00:22]} a6 {[%emt 0:02:35]} 6. e4 {[%emt 0:12:28]} d6 {[%emt 0:02:04]} 7. Ne2 {[%emt 0:02:59]} Nbd7 {[%emt 0:03:15]} 8. O-O {[%emt 0:01:33]} g6 {[%emt 0:00:57]} 9. b3 {[%emt 0:02:37]} Bg7 {[%emt 0:02:23]} 10. Bb2 {[%emt 0:00:24]} O-O {[%emt 0:00:33]} 11. c4 {[%emt 0:01:25]} bxc4 {[%emt 0:10:58]} 12. bxc4 {[%emt 0:00:06]} Qc7 {[%emt 0:01:28]} 13. Qc2 {[%emt 0:03:50]} Rab8 {[%emt 0:02:45]} 14. Nd2 {[%emt 0:00:58]} Rfe8 {[%emt 0:08:20]} 15. Bc3 {[%emt 0:04:05]} e6 {[%emt 0:10:21]} 16. Nc1 {[%emt 0:04:55]} exd5 {[%emt 0:07:12]} 17. exd5 {[%emt 0:00:26]} Re7 {[%emt 0:02:42]} 18. Nd3 {[%emt 0:04:05]} Rbe8 {[%emt 0:02:22]} 19. Rfe1 {[%emt 0:01:57]} Bc8 {[%emt 0:05:47]} 20. Rxe7 {[%emt 0:04:36]} Rxe7 {[%emt 0:00:02]} 21. Rb1 {[%emt 0:00:15]} Ne8 {[%emt 0:09:38]} 22. Bh3 {[%emt 0:08:09]} f5 {[%emt 0:09:46]} 23. Nb3 {[%emt 0:07:32]} Ne5 {[%emt 0:03:49]} 24. Nxe5 {[%emt 0:00:54]} Bxe5 {[%emt 0:01:23]} 25. Na5 {[%emt 0:00:21]} Bd7 {[%emt 0:04:18]} 26. Rb7 {[%emt 0:02:39]} Qc8 {[%emt 0:00:07]} 27. Bd2 {[%emt 0:07:29]} Bd4 {[%emt 0:02:04]} 28. Kf1 {[%emt 0:10:25]} Nf6 {[%emt 0:02:20]} 29. Bf4 {[%emt 0:02:07]} Bxa4 {[%emt 0:00:40]} 30. Qb1 {[%emt 0:06:39]} Rxb7 {[%emt 0:00:53]} 31. Qxb7 {[%emt 0:00:06]} Qxb7 {[%emt 0:00:53]} 32. Nxb7 {[%emt 0:00:03]} Ne8 {[%emt 0:00:45]} 33. Ke1 {[%emt 0:04:20]} Bb3 {[%emt 0:00:35]} 34. Na5 {[%emt 0:09:47]} Bc3+ {[%emt 0:00:27]} 35. Bd2 {[%emt 0:00:01]} Bxa5 {[%emt 0:00:09]} 36. Bxa5 {[%emt 0:00:06]} Bxc4 {[%emt 0:00:07]} 37. g4 {[%emt 0:01:31]} fxg4 {[%emt 0:00:56]} 38. Bxg4 {[%emt 0:00:02]} Bxd5 {[%emt 0:00:09]} 39. Be2 {[%emt 0:01:01]} Bb7 {[%emt 0:02:13]} 40. Kd2 {[%emt 0:00:33]} Kf7 {[%emt 0:00:11]} 0-1

[Event "Fagernes International 2022"]
[Site "Fagernes"]
[Date "2022.04.12"]
[Round "4.3"]
[White "Stai, Sondre"]
[Black "Johannessen, Heine N"]
[Result "0-1"]
[WhiteElo "1685"]
[BlackElo "1928"]
[Annotator "RC"]
[PlyCount "84"]
[EventDate "2022.04.10"]
[EventCountry "NOR"]
[SourceTitle "playchess.com"]
[Source "ChessBase"]
[SourceQuality "1"]

1. e4 {[%emt 0:00:04]} c5 {[%emt 0:00:11]} 2. Nf3 {[%emt 0:00:04]} g6 {[%emt 0:00:25]} 3. d4 {[%emt 0:00:14]} cxd4 {[%emt 0:00:17]} 4. Nxd4 {[%emt 0:00:01]} Nc6 {[%emt 0:00:09]} 5. g3 {[%emt 0:00:56]} Bg7 {[%emt 0:00:41]} 6. Ne2 {[%emt 0:00:09]} Nf6 {[%emt 0:03:06]} 7. Nbc3 {[%emt 0:00:27]} d6 {[%emt 0:04:29]} 8. Bg2 {[%emt 0:00:07]} O-O {[%emt 0:00:55]} 9. O-O {[%emt 0:00:06]} Bd7 {[%emt 0:07:39]} 10. h3 {[%emt 0:00:40]} Qa5 {[%emt 0:13:54]} 11. Be3 {[%emt 0:03:12]} Qh5 {[%emt 0:02:11]} 12. Nf4 {[%emt 0:03:52]} Qxd1 {[%emt 0:00:33]} 13. Raxd1 {[%emt 0:00:22]} Rfc8 {[%emt 0:05:32]} 14. Ncd5 {[%emt 0:04:04]} Kf8 {[%emt 0:11:57]} 15. c3 {[%emt 0:01:39]} Ne8 {[%emt 0:08:17]} 16. Ne2 {[%emt 0:02:33]} Ne5 {[%emt 0:02:14]} 17. f4 {[%emt 0:02:09]} Bb5 {[%emt 0:02:41]} 18. Rfe1 {[%emt 0:02:18]} Nd3 {[%emt 0:01:33]} 19. Rf1 {[%emt 0:05:41]} e6 {[%emt 0:04:05]} 20. a4 {[%emt 0:03:27]} Ba6 {[%emt 0:02:16]} 21. b4 {[%emt 0:03:12]} Bc4 {[%emt 0:01:05]} 22. Rd2 {[%emt 0:03:43]} exd5 {[%emt 0:00:32]} 23. exd5 {[%emt 0:01:12]} a5 {[%emt 0:01:43]} 24. Be4 {[%emt 0:02:31]} axb4 {[%emt 0:00:30]} 25. Bxd3 {[%emt 0:00:11]} bxc3 {[%emt 0:00:31]} 26. Rdd1 {[%emt 0:00:46]} Rxa4 {[%emt 0:00:46]} 27. f5 {[%emt 0:02:36]} Bxd3 {[%emt 0:03:12]} 28. Rxd3 {[%emt 0:00:09]} b5 {[%emt 0:00:56]} 29. fxg6 {[%emt 0:00:43]} hxg6 {[%emt 0:00:16]} 30. Nf4 {[%emt 0:00:53]} Kg8 {[%emt 0:00:14]} 31. Rb1 {[%emt 0:01:38]} c2 {[%emt 0:00:44]} 32. Rxb5 {[%emt 0:00:41]} Ra1+ {[%emt 0:00:53]} 33. Kg2 {[%emt 0:00:16]} c1=Q {[%emt 0:00:42]} 34. Bxc1 {[%emt 0:00:07]} Raxc1 {[%emt 0:00:10]} 35. Rb6 {[%emt 0:01:59]} R1c2+ {[%emt 0:01:20]} 36. Kf3 {[%emt 0:01:00]} R2c3 {[%emt 0:00:53]} 37. Ke3 {[%emt 0:02:41]} Be5 {[%emt 0:00:54]} 38. Ne2 {[%emt 0:00:42]} Rxd3+ {[%emt 0:00:40]} 39. Kxd3 {[%emt 0:00:06]} Nf6 {[%emt 0:00:11]} 40. Rb5 {[%emt 0:00:42]} Ra8 {[%emt 0:00:15]} 41. Ke3 {[%emt 0:00:40]} Ra3+ {[%emt 0:00:11]} 42. Kf2 {[%emt 0:00:09]} Ne4+ {[%emt 0:00:03]} 0-1

[Event "Fagernes International 2022"]
[Site "Fagernes"]
[Date "2022.04.12"]
[Round "4.4"]
[White "Rynning, Rune Kleiven"]
[Black "Fiskaaen, Martin Holten"]
[Result "0-1"]
[WhiteElo "1694"]
[BlackElo "1880"]
[Annotator "NA RC"]
[PlyCount "84"]
[EventDate "2022.04.10"]
[EventCountry "NOR"]
[SourceTitle "playchess.com"]
[Source "ChessBase"]
[SourceQuality "1"]

1. e4 {[%emt 0:00:03]} c5 {[%emt 0:00:07]} 2. Nf3 {[%emt 0:00:05]} d6 {[%emt 0:00:09]} 3. d4 {[%emt 0:00:05]} cxd4 {[%emt 0:00:08]} 4. Nxd4 {[%emt 0:00:08]} Nf6 {[%emt 0:00:08]} 5. Nc3 {[%emt 0:00:19]} Nc6 {[%emt 0:00:09]} 6. Bg5 {[%emt 0:00:13]} e6 {[%emt 0:00:10]} 7. Qd2 {[%emt 0:00:22]} a6 {[%emt 0:00:11]} 8. O-O-O {[%emt 0:00:47]} Bd7 {[%emt 0:00:09] 8...Bd7 scores better than 8...h6.} 9. f4 {[%emt 0:00:45]} Be7 {[%emt 0:00:12]} 10. e5 {[%emt 0:21:02]} dxe5 {[%emt 0:04:07]} 11. Nxc6 {[%emt 0:00:09]} Bxc6 {[%emt 0:03:22]} 12. fxe5 {[%emt 0:04:17]} Qxd2+ {[%emt 0:03:00]} 13. Rxd2 {[%emt 0:00:51]} Nd7 {[%emt 0:06:52]} 14. Bf4 {[%emt 0:02:07] [#]} O-O-O $146 {[%emt 0:03:01]} ({Predecessor:} 14... O-O 15. Bd3 Nc5 16. Re1 Nxd3+ 17. Rxd3 Rfd8 18. Re2 h6 19. Red2 Rxd3 20. Rxd3 Rc8 {0-1 (27) Brady,A (1591)-Garbett,P (2172) Brisbane 2019}) 15. Be2 {[%emt 0:05:47]} g5 {[%emt 0:04:45]} 16. Bg3 {[%emt 0:01:47]} Bxg2 {[%emt 0:02:50]} 17. Rg1 {[%emt 0:00:32]} Bc6 {[%emt 0:00:47]} 18. Rf1 {[%emt 0:00:49]} Rhf8 {[%emt 0:01:17]} 19. Bh5 {[%emt 0:03:11]} f5 {[%emt 0:05:01]} 20. exf6 {[%emt 0:00:10]} Nxf6 {[%emt 0:02:28]} 21. Bf3 {[%emt 0:01:55]} Rxd2 {[%emt 0:01:32]} 22. Kxd2 {[%emt 0:00:11]} Bxf3 {[%emt 0:01:15]} 23. Rxf3 {[%emt 0:00:08] [#]} Ne4+ $1 {[%emt 0:00:39]} 24. Ke2 {[%emt 0:02:31]} Rxf3 {[%emt 0:00:15]} 25. Kxf3 {[%emt 0:00:09]} Nxc3 {[%emt 0:15:48]} 26. bxc3 {[%emt 0:00:09]} h5 {[%emt 0:00:30]} 27. c4 {[%emt 0:04:24]} g4+ {[%emt 0:01:17]} 28. Ke4 {[%emt 0:00:45]} Kd7 {[%emt 0:00:33]} 29. Kf4 {[%emt 0:02:04]} Bf6 {[%emt 0:04:09]} 30. Bf2 {[%emt 0:01:57]} Kd6 {[%emt 0:04:50]} 31. Kg3 {[%emt 0:02:06]} Be5+ {[%emt 0:00:57]} 32. Kg2 {[%emt 0:00:15]} Kc6 {[%emt 0:02:31]} 33. h3 {[%emt 0:01:36]} b5 {[%emt 0:03:08]} 34. cxb5+ {[%emt 0:00:22]} Kxb5 {[%emt 0:00:27]} 35. hxg4 {[%emt 0:00:20]} hxg4 {[%emt 0:00:19]} 36. Be3 {[%emt 0:02:18]} Kb4 $19 {[%emt 0:00:26]} 37. Bd2+ {[%emt 0:00:39]} Ka3 {[%emt 0:01:39]} 38. Be3 {[%emt 0:00:52]} Kxa2 {[%emt 0:00:26]} 39. c4 {[%emt 0:00:14]} Bc7 {[%emt 0:00:39]} 40. c5 {[%emt 0:01:09]} Kb3 {[%emt 0:00:35]} 41. Bg5 {[%emt 0:00:24]} Kc4 {[%emt 0:01:04]} 42. Be7 {[%emt 0:00:09]} Kd5 {[%emt 0:00:09]} 0-1

[Event "Fagernes International 2022"]
[Site "Fagernes"]
[Date "2022.04.12"]
[Round "4.5"]
[White "Reinhardt, Johannes"]
[Black "Stromhaug, Kristoffer Wang"]
[Result "0-1"]
[WhiteElo "1893"]
[BlackElo "1694"]
[Annotator "NA RC"]
[PlyCount "82"]
[EventDate "2022.04.10"]
[EventCountry "NOR"]
[SourceTitle "playchess.com"]
[Source "ChessBase"]
[SourceQuality "1"]

1. d4 {[%emt 0:00:04]} d5 {[%emt 0:00:06]} 2. Nf3 {[%emt 0:00:08]} Nf6 {[%emt 0:00:20]} 3. g3 {[%emt 0:00:18]} c6 {[%emt 0:00:58]} 4. Bg2 {[%emt 0:00:07]} Bf5 {[%emt 0:01:08]} 5. O-O {[%emt 0:00:21]} e6 {[%emt 0:01:33]} 6. c4 {[%emt 0:01:35]} Nbd7 {[%emt 0:02:17]} 7. Nc3 {[%emt 0:01:54]} Be7 {[%emt 0:03:59]} 8. a4 {[%emt 0:04:39]} Ne4 {[%emt 0:05:13]} 9. Nd2 {[%emt 0:04:47]} Nxd2 {[%emt 0:01:47]} 10. Bxd2 {[%emt 0:01:06]} O-O {[%emt 0:02:49]} 11. a5 {[%emt 0:01:46]} b6 {[%emt 0:05:09]} 12. a6 {[%emt 0:12:56]} Nf6 {[%emt 0:01:34]} 13. Qa4 {[%emt 0:05:27]} Qd7 {[%emt 0:05:14]} 14. Bg5 {[%emt 0:19:42]} Rac8 {[%emt 0:03:33]} 15. Bxf6 {[%emt 0:03:10]} Bxf6 {[%emt 0:00:34]} 16. cxd5 {[%emt 0:12:25]} exd5 {[%emt 0:02:08]} 17. Rfd1 {[%emt 0:04:13]} Rfe8 {[%emt 0:01:57]} 18. b4 {[%emt 0:07:14]} c5 {[%emt 0:11:31]} 19. Nxd5 $2 {[%emt 0:09:13]} (19. Qxd7 $11 Bxd7 20. bxc5 bxc5 21. Bxd5) 19... Qxa4 {[%emt 0:01:55]} 20. Nxf6+ {[%emt 0:01:48]} gxf6 {[%emt 0:00:06]} 21. Rxa4 {[%emt 0:00:11]} Bc2 {[%emt 0:00:31]} 22. Raa1 {[%emt 0:00:17]} Bxd1 {[%emt 0:00:15]} 23. Rxd1 {[%emt 0:00:05]} cxd4 {[%emt 0:00:49]} 24. b5 {[%emt 0:04:17]} Rxe2 {[%emt 0:00:29]} 25. Bf3 {[%emt 0:01:41]} Rb2 {[%emt 0:00:45]} 26. Bc6 {[%emt 0:04:24]} Rd8 {[%emt 0:01:25]} 27. Rd3 {[%emt 0:00:34]} Kg7 {[%emt 0:01:46]} 28. Kg2 {[%emt 0:00:11]} f5 {[%emt 0:00:24]} 29. Kf3 {[%emt 0:00:25]} Kf6 {[%emt 0:00:21]} 30. h3 {[%emt 0:00:23]} h5 {[%emt 0:01:04]} 31. Kg2 {[%emt 0:01:23]} Rc2 {[%emt 0:00:59]} 32. Kf1 {[%emt 0:00:19]} f4 {[%emt 0:01:45]} 33. g4 {[%emt 0:00:40]} hxg4 {[%emt 0:00:55]} 34. hxg4 $19 {[%emt 0:00:07]} Ke5 {[%emt 0:00:33]} 35. Kg2 {[%emt 0:02:04]} Rc3 {[%emt 0:00:46]} 36. Rd1 {[%emt 0:00:25]} d3 {[%emt 0:00:13]} 37. Re1+ {[%emt 0:00:12]} Kd4 {[%emt 0:00:48]} 38. Bf3 {[%emt 0:01:17]} d2 {[%emt 0:00:34]} 39. Re4+ {[%emt 0:00:17]} Kd3 {[%emt 0:01:00]} 40. Re7 {[%emt 0:02:01]} Kc2 {[%emt 0:00:14]} 41. Be2 {[%emt 0:00:54]} f3+ {[%emt 0:00:14]} 0-1

[Event "Fagernes International 2022"]
[Site "Fagernes"]
[Date "2022.04.12"]
[Round "4.6"]
[White "Carlin, Tormod"]
[Black "Amundsen, Ask"]
[Result "0-1"]
[WhiteElo "1630"]
[BlackElo "1819"]
[Annotator "NA RC"]
[PlyCount "98"]
[EventDate "2022.04.10"]
[EventCountry "NOR"]
[SourceTitle "playchess.com"]
[Source "ChessBase"]
[SourceQuality "1"]

1. d4 {[%emt 0:00:02]} Nf6 {[%emt 0:00:16]} 2. c4 {[%emt 0:00:04]} c5 {[%emt 0:00:05]} 3. d5 {[%emt 0:00:03]} e6 {[%emt 0:00:04]} 4. Nc3 {[%emt 0:00:03]} exd5 {[%emt 0:00:04]} 5. cxd5 {[%emt 0:00:05]} d6 {[%emt 0:00:04]} 6. e4 {[%emt 0:00:04]} g6 {[%emt 0:00:04]} 7. f4 {[%emt 0:00:03]} Bg7 {[%emt 0:00:16]} 8. Bb5+ {[%emt 0:00:04]} Nfd7 {[%emt 0:00:06]} 9. Be2 {[%emt 0:00:05]} Qh4+ {[%emt 0:00:21]} 10. g3 {[%emt 0:00:06]} Qe7 {[%emt 0:00:50]} 11. Nf3 {[%emt 0:00:04]} Na6 {[%emt 0:02:28]} 12. O-O {[%emt 0:00:29]} O-O {[%emt 0:00:48]} 13. Re1 {[%emt 0:00:53]} Re8 {[%emt 0:06:37]} 14. Bf1 {[%emt 0:03:26]} Nf8 {[%emt 0:04:10]} 15. f5 {[%emt 0:07:45]} Nc7 {[%emt 0:06:16]} 16. Bg5 {[%emt 0:01:59]} f6 {[%emt 0:00:59]} 17. Bf4 {[%emt 0:00:29]} g5 {[%emt 0:05:20]} 18. Be3 {[%emt 0:00:46]} Nd7 {[%emt 0:01:38]} 19. Rc1 {[%emt 0:06:46]} a6 {[%emt 0:03:55]} 20. a4 {[%emt 0:00:17]} Rb8 {[%emt 0:00:21]} 21. a5 {[%emt 0:11:30]} b5 {[%emt 0:01:14]} 22. Bd2 {[%emt 0:00:52]} Ne5 {[%emt 0:03:08]} 23. Nxe5 {[%emt 0:00:31]} Qxe5 {[%emt 0:00:08]} 24. Kg2 {[%emt 0:02:06]} Bd7 {[%emt 0:01:36] [#]} 25. b4 $1 {[%emt 0:01:54]} cxb4 {[%emt 0:03:37]} 26. Na2 {[%emt 0:01:03]} Nxd5 {[%emt 0:03:33]} 27. Qb3 {[%emt 0:01:54]} Bxf5 {[%emt 0:09:39]} 28. exf5 {[%emt 0:02:09]} Qd4 {[%emt 0:01:31]} 29. Rcd1 {[%emt 0:06:18]} Rxe1 {[%emt 0:01:21]} 30. Bxe1 $2 {[%emt 0:00:20]} (30. Rxe1 $11 {and White has nothing to worry.} Qxd2+ 31. Re2) 30... Qxd1 {[%emt 0:00:41]} 31. Qxd1 {[%emt 0:02:32]} Ne3+ {[%emt 0:00:05]} 32. Kf3 {[%emt 0:00:09]} (32. Kg1 $142 Nxd1 33. Nxb4) 32... Nxd1 {[%emt 0:00:05]} 33. Nxb4 {[%emt 0:00:24]} Re8 $19 {[%emt 0:02:29]} 34. Be2 $2 {[%emt 0:00:59]} (34. Bd2) 34... Re3+ {[%emt 0:00:11]} 35. Kg4 {[%emt 0:01:23]} Rxe2 {[%emt 0:00:08]} 36. Nxa6 {[%emt 0:01:49]} Rxe1 {[%emt 0:00:08]} 37. Nc7 {[%emt 0:00:32]} Nc3 {[%emt 0:00:11]} 38. a6 {[%emt 0:00:21]} Ra1 {[%emt 0:00:08]} 39. Kh5 {[%emt 0:02:11]} b4 {[%emt 0:00:08]} 40. h4 {[%emt 0:00:17]} gxh4 {[%emt 0:00:13]} 41. gxh4 {[%emt 0:00:06]} b3 {[%emt 0:00:15]} 42. Ne8 {[%emt 0:01:49]} b2 {[%emt 0:00:14]} 43. a7 {[%emt 0:00:44]} b1=Q {[%emt 0:00:39]} 44. Nxf6+ {[%emt 0:00:04]} Bxf6 {[%emt 0:00:09]} 45. a8=Q+ {[%emt 0:00:08]} Rxa8 {[%emt 0:00:06]} 46. Kg4 {[%emt 0:00:08]} Qe4+ {[%emt 0:00:09]} 47. Kg3 {[%emt 0:00:08]} Be5+ {[%emt 0:00:11]} 48. Kf2 {[%emt 0:00:35]} Ra2+ {[%emt 0:00:05]} 49. Kf1 {[%emt 0:00:05]} Qh1# {[%emt 0:00:05]} 0-1